Evropské integrační trendy

Významné tendencie vo svetovom hospodárstve. Informačný systém ochrany obyvateľstva a životného prostredia v ekologicky ohrozenej oblasti severozápadných Čiech. Japonsko - vývoz obrábacích strojov. Výroba a spotreba ocele v krajinách OECD. Inflačný vývoj v krajinách OECD v r. 1993.

Salvato in:
Dettagli Bibliografici
Autore principale: Hrabě, J.
Altri autori: Stařík, J.
Natura: Capitolo di libro
Lingua:ceco
Soggetti:
Tags: Aggiungi Tag
Nessun Tag, puoi essere il primo ad aggiungerne!!

MARC

LEADER 00000naa a2200000 4500
001 r016271
005 20221213082255.1
041 0 |a cze 
044 |a CZ 
245 1 0 |a Evropské integrační trendy  |c J. Hrabě, J. Stařík 
520 |a Významné tendencie vo svetovom hospodárstve. Informačný systém ochrany obyvateľstva a životného prostredia v ekologicky ohrozenej oblasti severozápadných Čiech. Japonsko - vývoz obrábacích strojov. Výroba a spotreba ocele v krajinách OECD. Inflačný vývoj v krajinách OECD v r. 1993. 
610 2 0 |a integrácia ekonomická medzinárodná 
610 2 0 |a Európa 
610 2 0 |a hospodárstvo svetové 
610 2 0 |a systémy informačné 
610 2 0 |a ekológia 
610 2 0 |a OECD 
610 2 0 |a inflácia 
100 1 |a Hrabě, J. 
700 1 |a Stařík, J.